[Event "POL-ch blitz"]
[Site "Szczawno Zdroj"]
[Date "2018.12.16"]
[Round "6"]
[White "Cieslak, Patrycjusz"]
[Black "Walach, Marcin"]
[Result "1/2-1/2"]
[WhiteElo "2019"]
[BlackElo "2305"]
[PlyCount "68"]
[EventDate "2018.12.16"]
[EventType "swiss (blitz)"]
[EventRounds "15"]
[EventCountry "POL"]
[SourceTitle "CBM 187 Extra"]
[Source "ChessBase"]
[SourceDate "2018.11.04"]
[SourceVersion "1"]
[SourceVersionDate "2018.11.04"]
[SourceQuality "1"]

1. d4 Nf6 2. Nf3 g6 3. g3 Bg7 4. Bg2 0-0 5. 0-0 d5 6. c3 c5 7. e3 Nc6 8. Nbd2 b6 9. Nb3 cxd4 10. Nbxd4 Bb7 11. Nxc6 Bxc6 12. Nd4 Bb7 13. Qe2 e5 14. Nf3 Re8 15. Rd1 Qc7 16. Qc2 Rad8 17. Qb3 Ba6 18. a4 Qc4 19. Qxc4 Bxc4 20. Nd2 Bd3 21. Nf3 Bc2 22. Rd2 Bb3 23. Ra3 Bc4 24. b3 Ba6 25. Bb2 Ne4 26. Rd1 Rc8 27. c4 dxc4 28. bxc4 Rxc4 29. a5 b5 30. Rad3 Rc2 31. Rd8 Rc8 32. Rxc8 Rxc8 33. Bxe5 Bxe5 34. Nxe5 Nc5 1/2-1/2

[Event "POL-ch blitz"]
[Site "Szczawno Zdroj"]
[Date "2018.12.16"]
[Round "10"]
[White "Dowgird, Filip"]
[Black "Walach, Marcin"]
[Result "1/2-1/2"]
[WhiteElo "2236"]
[BlackElo "2305"]
[PlyCount "54"]
[EventDate "2018.12.16"]
[EventType "swiss (blitz)"]
[EventRounds "15"]
[EventCountry "POL"]
[SourceTitle "CBM 187 Extra"]
[Source "ChessBase"]
[SourceDate "2018.11.04"]
[SourceVersion "1"]
[SourceVersionDate "2018.11.04"]
[SourceQuality "1"]

1. d4 Nf6 2. Nf3 g6 3. Bf4 Bg7 4. e3 0-0 5. Be2 d5 6. 0-0 c5 7. c3 Nc6 8. Nbd2 b6 9. Ne5 Bb7 10. b4 cxb4 11. Nxc6 Bxc6 12. cxb4 Qd7 13. a4 Rac8 14. Qb3 Ne4 15. Nf3 Bb7 16. Bb5 Bc6 17. Be2 Bb7 18. Rfc1 Rxc1+ 19. Rxc1 Rc8 20. Rc2 Rxc2 21. Qxc2 Qc6 22. Qxc6 Bxc6 23. b5 Bd7 24. Bb8 Nc3 25. Bd3 Nxa4 26. Bxa7 Nc3 27. Bxb6 Bxb5 1/2-1/2

[Event "POL-ch blitz"]
[Site "Szczawno Zdroj"]
[Date "2018.12.16"]
[Round "7"]
[White "Walach, Marcin"]
[Black "Adamczewski, Maciej"]
[Result "0-1"]
[WhiteElo "2305"]
[BlackElo "2080"]
[PlyCount "60"]
[EventDate "2018.12.16"]
[EventType "swiss (blitz)"]
[EventRounds "15"]
[EventCountry "POL"]
[SourceTitle "CBM 187 Extra"]
[Source "ChessBase"]
[SourceDate "2018.11.04"]
[SourceVersion "1"]
[SourceVersionDate "2018.11.04"]
[SourceQuality "1"]

1. e4 e6 2. d4 d5 3. Nc3 Nf6 4. e5 Nfd7 5. f4 c5 6. Nf3 Nc6 7. Be3 Be7 8. Qd2 0-0 9. dxc5 Bxc5 10. Bxc5 Nxc5 11. Bd3 a6 12. Ne2 b5 13. 0-0 Bb7 14. Ned4 Ne4 15. Bxe4 dxe4 16. Nxc6 Bxc6 17. Qxd8 Rfxd8 18. Nh4 Rd2 19. Rac1 Rad8 20. Rf2 h6 21. Re1 g5 22. fxg5 hxg5 23. Nf3 exf3 24. gxf3 Kg7 25. Kg2 Kg6 26. Kg3 Kf5 27. b3 Rxf2 28. Kxf2 Rd2+ 29. Kg3 Rxc2 30. Rd1 Bd5 0-1

[Event "POL-ch blitz"]
[Site "Szczawno Zdroj"]
[Date "2018.12.16"]
[Round "1"]
[White "Walach, Marcin"]
[Black "Flis, Pawel"]
[Result "1-0"]
[WhiteElo "2305"]
[BlackElo "1902"]
[PlyCount "59"]
[EventDate "2018.12.16"]
[EventType "swiss (blitz)"]
[EventRounds "15"]
[EventCountry "POL"]
[SourceTitle "CBM 187 Extra"]
[Source "ChessBase"]
[SourceDate "2018.11.04"]
[SourceVersion "1"]
[SourceVersionDate "2018.11.04"]
[SourceQuality "1"]

1. e4 c5 2. c3 g6 3. d4 cxd4 4. cxd4 d5 5. exd5 Nf6 6. Bb5+ Nbd7 7. Nc3 Bg7 8. d6 exd6 9. Qe2+ Kf8 10. Nf3 h6 11. 0-0 Kg8 12. Bf4 a6 13. Bc4 Nb6 14. Bb3 Bg4 15. h3 Bxf3 16. Qxf3 Qd7 17. Rfe1 Kh7 18. a4 Rae8 19. a5 Nc8 20. Rxe8 Rxe8 21. Ba4 Qe6 22. Bxe8 Nxe8 23. Qxb7 Bxd4 24. Qxa6 Qf5 25. Be3 Bxe3 26. fxe3 Nf6 27. Qe2 Ne7 28. a6 Qc8 29. a7 Qa8 30. Qf3 1-0

[Event "POL-ch blitz"]
[Site "Szczawno Zdroj"]
[Date "2018.12.16"]
[Round "5"]
[White "Walach, Marcin"]
[Black "Kolasinski, Krzysztof"]
[Result "1/2-1/2"]
[WhiteElo "2305"]
[BlackElo "2101"]
[PlyCount "30"]
[EventDate "2018.12.16"]
[EventType "swiss (blitz)"]
[EventRounds "15"]
[EventCountry "POL"]
[SourceTitle "CBM 187 Extra"]
[Source "ChessBase"]
[SourceDate "2018.11.04"]
[SourceVersion "1"]
[SourceVersionDate "2018.11.04"]
[SourceQuality "1"]

1. e4 c5 2. c3 d5 3. exd5 Qxd5 4. d4 Nc6 5. Nf3 Bf5 6. Be2 cxd4 7. cxd4 Bxb1 8. Rxb1 e6 9. 0-0 Nf6 10. b3 Be7 11. Bc4 Qa5 12. Bd2 Qh5 13. Be2 Qd5 14. Bc4 Qh5 15. Be2 Qd5 1/2-1/2

[Event "POL-chT rapid"]
[Site "Zgierz"]
[Date "2018.03.03"]
[Round "8.23"]
[White "Walach, Marcin"]
[Black "Borawski, Jakub"]
[Result "0-1"]
[WhiteElo "2319"]
[BlackElo "2150"]
[PlyCount "86"]
[EventDate "2018.03.03"]
[EventType "team-swiss (rapid)"]
[EventRounds "9"]
[EventCountry "POL"]
[SourceTitle "CBM 183 Extra"]
[Source "ChessBase"]
[SourceDate "2018.04.19"]
[SourceVersion "1"]
[SourceVersionDate "2018.04.19"]
[SourceQuality "1"]
[WhiteTeam "Rybnik"]
[BlackTeam "Bialystok MUKS Stoczek 45"]
[WhiteTeamCountry "POL"]
[BlackTeamCountry "POL"]

1. e4 c6 2. d4 d5 3. Nd2 dxe4 4. Nxe4 Bf5 5. Ng3 Bg6 6. Nh3 e6 7. Nf4 Qc7 8. h4 Bd6 9. Nxg6 hxg6 10. Ne4 Bf4 11. Bd3 Nd7 12. g3 Bxc1 13. Qxc1 Ngf6 14. Nxf6+ Nxf6 15. Qe3 Qa5+ 16. c3 g5 17. a3 gxh4 18. gxh4 Qh5 19. Be2 Qh6 20. Bf3 Nd5 21. Bxd5 Qxe3+ 22. fxe3 cxd5 23. Kf2 Ke7 24. Rag1 g6 25. Rg5 Rh6 26. Kg3 Rah8 27. Rg4 Rh5 28. e4 dxe4 29. Rxe4 g5 30. c4 f5 31. Re5 Rxh4 32. Rxh4 Rxh4 33. d5 Re4 34. Rxe4 fxe4 35. dxe6 Kxe6 36. b4 Ke5 37. c5 Kd4 38. Kf2 g4 39. Kf1 a6 40. Kf2 Kd3 41. Ke1 g3 42. a4 e3 43. b5 g2 0-1

[Event "POL-chT rapid"]
[Site "Zgierz"]
[Date "2018.03.03"]
[Round "6.27"]
[White "Walach, Marcin"]
[Black "Rak, Tomasz"]
[Result "1-0"]
[WhiteElo "2319"]
[BlackElo "2010"]
[PlyCount "61"]
[EventDate "2018.03.03"]
[EventType "team-swiss (rapid)"]
[EventRounds "9"]
[EventCountry "POL"]
[SourceTitle "CBM 183 Extra"]
[Source "ChessBase"]
[SourceDate "2018.04.19"]
[SourceVersion "1"]
[SourceVersionDate "2018.04.19"]
[SourceQuality "1"]
[WhiteTeam "Rybnik"]
[BlackTeam "Olsztyn Kopernik"]
[WhiteTeamCountry "POL"]
[BlackTeamCountry "POL"]

1. e4 e6 2. d4 d5 3. Nc3 Bb4 4. e5 c5 5. a3 Bxc3+ 6. bxc3 Qa5 7. Bd2 Qa4 8. Qg4 Ne7 9. Qxg7 Rg8 10. Qxh7 cxd4 11. Rb1 Nbc6 12. Nf3 dxc3 13. Bxc3 Qxa3 14. Qd3 b6 15. h4 Bb7 16. h5 0-0-0 17. h6 Ng6 18. h7 Rh8 19. Bd2 Qxd3 20. Bxd3 Ngxe5 21. Nxe5 Nxe5 22. Bg5 Nxd3+ 23. cxd3 d4 24. f3 Kc7 25. Bf6 Bc6 26. Kd2 a5 27. Rh4 b5 28. Bxd8+ Kxd8 29. Rxd4+ Kc7 30. Rh1 b4 31. Rg4 1-0

[Event "EU-ch blitz"]
[Site "Katowice"]
[Date "2017.12.15"]
[Round "16"]
[White "Kumala, Aleksander"]
[Black "Walach, Marcin"]
[Result "1-0"]
[WhiteElo "2220"]
[BlackElo "2319"]
[PlyCount "71"]
[EventDate "2017.12.15"]
[EventType "swiss (blitz)"]
[EventRounds "22"]
[EventCountry "POL"]
[SourceTitle "CBM 182 Extra"]
[Source "ChessBase"]
[SourceDate "2018.02.23"]
[SourceVersion "1"]
[SourceVersionDate "2018.02.23"]
[SourceQuality "1"]

1. e4 e5 2. Nc3 Nc6 3. Bc4 Nf6 4. d3 Na5 5. Bb3 Nxb3 6. axb3 d6 7. f4 exf4 8. Bxf4 Be7 9. Nf3 0-0 10. 0-0 Bg4 11. h3 Bh5 12. Qd2 Nd7 13. g4 Bg6 14. Nd5 c6 15. Ne3 a6 16. Rae1 f6 17. Qh2 Ne5 18. Nf5 Bxf5 19. exf5 Nxf3+ 20. Rxf3 d5 21. d4 Rf7 22. Rfe3 c5 23. c3 cxd4 24. cxd4 Bb4 25. R1e2 Qb6 26. Qf2 Rc8 27. Re6 Qb5 28. Qe3 Bf8 29. h4 Qa5 30. h5 Qa1+ 31. Kg2 Qb1 32. Bd6 Rc2 33. Bxf8 Rxf8 34. Re8 Rxe2+ 35. Qxe2 Kf7 36. Qe6# 1-0

[Event "POL-chT 2nd League"]
[Site "Szklarska Poreba"]
[Date "2017.09.06"]
[Round "5.3"]
[White "Walach, Marcin"]
[Black "Gola, Karol"]
[Result "1/2-1/2"]
[WhiteElo "2320"]
[BlackElo "2207"]
[PlyCount "65"]
[EventDate "2017.09.02"]
[EventType "team-swiss"]
[EventRounds "9"]
[EventCountry "POL"]
[SourceTitle "CBM 180 Extra"]
[Source "ChessBase"]
[SourceDate "2017.10.06"]
[SourceVersion "1"]
[SourceVersionDate "2017.10.06"]
[SourceQuality "1"]
[WhiteTeam "Rybnik"]
[BlackTeam "Gliwice Politechnika Slaska"]
[WhiteTeamCountry "POL"]
[BlackTeamCountry "POL"]

1. e4 c5 2. Nf3 e6 3. c3 Nf6 4. e5 Nd5 5. d4 cxd4 6. cxd4 d6 7. Bc4 Nc6 8. 0-0 Be7 9. Bd2 0-0 10. Nc3 Nxc3 11. Bxc3 Bd7 12. Rc1 Rc8 13. Bd3 dxe5 14. dxe5 Nb4 15. Bxb4 Bxb4 16. Rxc8 Bxc8 17. Qc2 g6 18. a3 Be7 19. Rc1 Bd7 20. Be4 Qb6 21. h4 Rc8 22. Qd2 Rd8 23. Qc2 Rc8 24. Qd2 Rd8 25. Qc2 Rc8 26. Qd2 Rd8 27. Qc2 Rc8 28. Qd2 Rd8 29. Qc2 Rc8 30. Qd2 Rd8 31. Qf4 Qxb2 32. Rb1 Qxa3 33. Rxb7 1/2-1/2

[Event "POL-chT 2nd League"]
[Site "Szklarska Poreba"]
[Date "2017.09.03"]
[Round "2.2"]
[White "Dudzinski, Pawel"]
[Black "Walach, Marcin"]
[Result "0-1"]
[WhiteElo "2244"]
[BlackElo "2320"]
[PlyCount "66"]
[EventDate "2017.09.02"]
[EventType "team-swiss"]
[EventRounds "9"]
[EventCountry "POL"]
[SourceTitle "CBM 180 Extra"]
[Source "ChessBase"]
[SourceDate "2017.10.06"]
[SourceVersion "1"]
[SourceVersionDate "2017.10.06"]
[SourceQuality "1"]
[WhiteTeam "Ostrow Wielkopolski"]
[BlackTeam "Rybnik"]
[WhiteTeamCountry "POL"]
[BlackTeamCountry "POL"]

1. e4 c5 2. Nc3 e6 3. g3 d5 4. exd5 exd5 5. d4 cxd4 6. Qxd4 Nf6 7. Bg5 Nc6 8. Bb5 Be7 9. Bxf6 Bxf6 10. Qc5 Qb6 11. Qxb6 axb6 12. Nge2 Bg4 13. Nf4 Bf3 14. 0-0 0-0-0 15. Be2 Bxe2 16. Ncxe2 Rhe8 17. Nc3 Bxc3 18. bxc3 g5 19. Ng2 Re2 20. Ne3 d4 21. cxd4 Nxd4 22. Kg2 f5 23. Rfe1 Rxe1 24. Rxe1 f4 25. gxf4 gxf4 26. Nc4 b5 27. Na3 b4 28. Nb1 Rg8+ 29. Kh3 Nf3 30. Rc1 h5 31. c3 Rg4 32. cxb4+ Kb8 33. Nc3 Ng5# 0-1

[Event "POL-chT 2nd League"]
[Site "Szczyrk"]
[Date "2014.09.13"]
[Round "8.21"]
[White "Walach, Marcin"]
[Black "Borgula, Rafal"]
[Result "1-0"]
[WhiteElo "2328"]
[BlackElo "2271"]
[PlyCount "85"]
[EventDate "2014.09.06"]
[EventType "team-swiss"]
[EventRounds "9"]
[EventCountry "POL"]
[SourceTitle "EXT 2015"]
[Source "ChessBase"]
[SourceDate "2014.11.20"]
[SourceVersion "1"]
[SourceVersionDate "2014.11.20"]
[SourceQuality "1"]
[WhiteTeam "Czerwionka Leszczyny Skoczek"]
[BlackTeam "Znin Baszta II"]
[WhiteTeamCountry "POL"]
[BlackTeamCountry "POL"]

1. e4 c5 2. c3 d5 3. exd5 Qxd5 4. d4 e6 5. Nf3 Nf6 6. Na3 cxd4 7. Nb5 Na6 8. Qxd4 Bc5 9. Qxd5 Nxd5 10. b4 Be7 11. a3 0-0 12. c4 Bf6 13. Ra2 Nb6 14. Bb2 Rd8 15. Bxf6 gxf6 16. c5 Nd5 17. Nd6 Nac7 18. Bc4 a5 19. b5 b6 20. 0-0 bxc5 21. Ne4 Nb6 22. Be2 Ncd5 23. Nxc5 Nc3 24. Rc2 Nxe2+ 25. Rxe2 Rd5 26. Rc1 Ra7 27. h3 a4 28. Rd2 Rc7 29. Rxd5 Nxd5 30. Rc4 e5 31. Nd2 Nb6 32. Rc3 Ra7 33. Nc4 Nd5 34. b6 Re7 35. Rd3 Be6 36. b7 Re8 37. Na6 Nf4 38. Rg3+ Kf8 39. Nd6 Bd5 40. Nxe8 Bxb7 41. Nc5 Ne2+ 42. Kh2 Nxg3 43. Kxg3 1-0

[Event "POL-chT 2nd League"]
[Site "Szczyrk"]
[Date "2014.09.06"]
[Round "1.33"]
[White "Walach, Marcin"]
[Black "Sliwicki, Damian"]
[Result "1-0"]
[WhiteElo "2328"]
[BlackElo "2045"]
[PlyCount "139"]
[EventDate "2014.09.06"]
[EventType "team-swiss"]
[EventRounds "9"]
[EventCountry "POL"]
[SourceTitle "EXT 2015"]
[Source "ChessBase"]
[SourceDate "2014.11.20"]
[SourceVersion "1"]
[SourceVersionDate "2014.11.20"]
[SourceQuality "1"]
[WhiteTeam "Czerwionka Leszczyny Skoczek"]
[BlackTeam "Bydgoszcz Wiartrak"]
[WhiteTeamCountry "POL"]
[BlackTeamCountry "POL"]

1. e4 c5 2. c3 d5 3. exd5 Qxd5 4. d4 Nf6 5. Nf3 e6 6. Be2 Nc6 7. 0-0 Be7 8. c4 Qd8 9. dxc5 Qxd1 10. Rxd1 Bxc5 11. Nc3 Bd7 12. a3 a6 13. b4 Ba7 14. Bf4 0-0 15. Ra2 Rac8 16. Rad2 Rfd8 17. Ne5 Nd4 18. Rxd4 Bxd4 19. Rxd4 Be8 20. Rxd8 Rxd8 21. Kf1 Nd7 22. Nxd7 Rxd7 23. c5 Rd4 24. Be3 Rd8 25. Ne4 Rd5 26. Nd6 Bc6 27. Bf3 Rd3 28. Bxc6 bxc6 29. a4 Rb3 30. Bd2 Rb2 31. Ke2 Kf8 32. Nc4 Ra2 33. Ne5 Rxa4 34. Nxc6 Ke8 35. Na5 Kd8 36. Kd3 Ra2 37. Be3 Kc8 38. c6 f6 39. Bb6 Ra1 40. Nc4 Rd1+ 41. Kc2 Rd5 42. Ba5 Rd4 43. Kc3 Rd1 44. Bb6 h5 45. h4 Rc1+ 46. Kd3 Rd1+ 47. Ke3 Rd5 48. Ba5 Rd1 49. g3 g6 50. Nd2 Rc1 51. c7 Rc6 52. Ne4 e5 53. Nc5 Rd6 54. f4 exf4+ 55. gxf4 Rc6 56. Kd4 Rd6+ 57. Ke4 g5 58. fxg5 fxg5 59. hxg5 h4 60. Kf3 h3 61. Kg3 Rg6 62. Ne4 Re6 63. Nf2 Re3+ 64. Kf4 Rc3 65. g6 Rc6 66. Kg5 Re6 67. Nxh3 Kd7 68. Nf4 Re1 69. g7 Rf1 70. c8Q+ 1-0

[Event "POL-chT2"]
[Site "Poronin"]
[Date "2013.09.13"]
[Round "7"]
[White "Suliborski, Jakub"]
[Black "Walach, Marcin"]
[Result "1/2-1/2"]
[WhiteElo "2007"]
[BlackElo "2335"]
[PlyCount "70"]
[EventDate "2013.09.06"]
[EventType "team-swiss"]
[EventRounds "9"]
[EventCountry "POL"]
[SourceTitle "EXT 2015"]
[Source "ChessBase"]
[SourceDate "2014.11.20"]
[SourceVersion "1"]
[SourceVersionDate "2014.11.20"]
[SourceQuality "1"]
[WhiteTeam "Minsk Mazowiecki MTSz"]
[BlackTeam "Czerwionka Leszczyny Skoczek"]
[WhiteTeamCountry "POL"]
[BlackTeamCountry "POL"]

1. d4 d5 2. Nc3 Nf6 3. Bg5 Bf5 4. f3 Nbd7 5. Qd2 h6 6. Bh4 e6 7. e3 Be7 8. g4 Bh7 9. Bg3 c5 10. Bd3 cxd4 11. exd4 Bxd3 12. Qxd3 Qb6 13. Nge2 Rc8 14. Nd1 Qc6 15. c3 b5 16. a3 a5 17. Ne3 Nb6 18. b4 axb4 19. axb4 Na4 20. 0-0 Nd7 21. Rac1 Ndb6 22. Ng2 Nc4 23. Ngf4 Bg5 24. Rfe1 0-0 25. h4 Bxf4 26. Bxf4 Ncb2 27. Qe3 Qc4 28. Bxh6 gxh6 29. Qxh6 Qd3 30. Nf4 Qh7 31. Qg5+ Qg7 32. Qh5 Qh7 33. Qg5+ Qg7 34. Qh5 Qh7 35. Qg5+ Qg7 1/2-1/2

[Event "POL-chT2"]
[Site "Poronin"]
[Date "2013.09.11"]
[Round "5"]
[White "Paprocki, Jaroslaw"]
[Black "Walach, Marcin"]
[Result "0-1"]
[WhiteElo "2209"]
[BlackElo "2335"]
[PlyCount "236"]
[EventDate "2013.09.06"]
[EventType "team-swiss"]
[EventRounds "9"]
[EventCountry "POL"]
[SourceTitle "EXT 2015"]
[Source "ChessBase"]
[SourceDate "2014.11.20"]
[SourceVersion "1"]
[SourceVersionDate "2014.11.20"]
[SourceQuality "1"]
[WhiteTeam "Bydgoszcz Chemik"]
[BlackTeam "Czerwionka Leszczyny Skoczek"]
[WhiteTeamCountry "POL"]
[BlackTeamCountry "POL"]

1. Nf3 Nf6 2. c4 c6 3. d4 d5 4. Nc3 e6 5. cxd5 cxd5 6. e3 Nc6 7. Bd3 Bd6 8. 0-0 0-0 9. e4 dxe4 10. Nxe4 Nxe4 11. Bxe4 h6 12. Qe2 Nb4 13. Be3 Nd5 14. Rac1 Bd7 15. Bb1 Qb6 16. Qd2 Nxe3 17. fxe3 Rac8 18. Qd3 f5 19. Qd2 Bc6 20. a3 Bd5 21. b4 a5 22. Ne5 Bxe5 23. dxe5 axb4 24. axb4 Rfd8 25. Qd4 Qxd4 26. exd4 Rxc1 27. Rxc1 Ra8 28. Bd3 Ra4 29. Bc4 Rxb4 30. Bxd5 exd5 31. Rc8+ Kf7 32. Rc7+ Ke6 33. Rxg7 Rxd4 34. Rxb7 Kxe5 35. Kf2 Re4 36. Re7+ Kf6 37. Rh7 Kg6 38. Rd7 d4 39. Rd6+ Kg7 40. Kf3 h5 41. h3 Kf7 42. Rh6 h4 43. Rd6 Ke7 44. Rd5 Ke6 45. Rd8 Ke5 46. Kf2 Re3 47. Re8+ Kf4 48. Rh8 Ke4 49. Rxh4+ f4 50. Rh8 d3 51. Re8+ Kd4 52. Rd8+ Kc3 53. Rc8+ Kb2 54. Rb8+ Kc2 55. Rc8+ Kd1 56. Rc4 d2 57. Rxf4 Kc2 58. Kxe3 d1Q 59. Rc4+ Kb3 60. Rg4 Qf1 61. Ke4 Kc3 62. Ke5 Qf2 63. Ke6 Kd3 64. Ke5 Qb2+ 65. Kf5 Ke3 66. Kg6 Qe5 67. Kf7 Qf5+ 68. Kg7 Qe6 69. Kh7 Qf6 70. g3 Qe6 71. Kg7 Kf3 72. Kh7 Kg2 73. Rg6 Qxh3+ 74. Kg7 Kf3 75. Kf6 Qh8+ 76. Ke6 Qe8+ 77. Kf6 Qf8+ 78. Ke6 Ke4 79. Rg4+ Ke3 80. Rg6 Qc8+ 81. Kf7 Ke4 82. Rg5 Qd7+ 83. Kg6 Kf3 84. Kh6 Qd8 85. Kg6 Qe7 86. Kh6 Qf6+ 87. Kh5 Ke4 88. Kg4 Qe6+ 89. Kh4 Kf3 90. Kh5 Qf6 91. Rg8 Qf7+ 92. Rg6 Qh7+ 93. Kg5 Kxg3 94. Re6 Qh4+ 95. Kf5 Kf3 96. Ke5 Qe4+ 97. Kd6 Qd4+ 98. Kc6 Kf4 99. Re7 Qc4+ 100. Kd6 Kf5 101. Rd7 Kf6 102. Rb7 Qd4+ 103. Kc6 Ke6 104. Kb5 Kd6 105. Rb6+ Kd5 106. Ka6 Kc5 107. Kb7 Qd7+ 108. Ka6 Qc8+ 109. Ka7 Qc7+ 110. Ka8 Qd8+ 111. Rb8 Qa5+ 112. Kb7 Qb6+ 113. Kc8 Qe6+ 114. Kd8 Qg8+ 115. Kc7 Qf7+ 116. Kd8 Qf8+ 117. Kc7 Qe7+ 118. Kc8 Kc6 0-1

[Event "POL-chT 2nd League"]
[Site "Lazy"]
[Date "2012.09.09"]
[Round "9"]
[White "Nguyen, Piotr"]
[Black "Walach, Marcin"]
[Result "0-1"]
[WhiteElo "2382"]
[BlackElo "2349"]
[PlyCount "48"]
[EventDate "2012.09.01"]
[EventType "team-swiss"]
[EventRounds "9"]
[EventCountry "POL"]
[SourceTitle "EXT 2019"]
[Source "ChessBase"]
[SourceDate "2018.10.10"]
[SourceVersion "1"]
[SourceVersionDate "2018.10.10"]
[SourceQuality "1"]
[WhiteTeam "Gostynin Gostmat 83"]
[BlackTeam "Czerwionka Gornik 23"]
[WhiteTeamCountry "POL"]
[BlackTeamCountry "POL"]

1. f4 e5 2. fxe5 d6 3. exd6 Bxd6 4. Nf3 g5 5. g3 h5 6. d4 g4 7. Nh4 Be7 8. Ng2 h4 9. Bf4 hxg3 10. Bxg3 Nf6 11. Nf4 c5 12. e3 Nc6 13. c3 cxd4 14. exd4 Nd5 15. Qd3 Nxf4 16. Bxf4 Qd5 17. Rg1 Bf5 18. Qe2 Bxb1 19. Rxb1 Qf5 20. Bg2 Qxb1+ 21. Kf2 Qf5 22. Kg3 0-0-0 23. Bxc6 Rh3+ 24. Kg2 Qxf4 0-1

[Event "POL-chT 2nd League"]
[Site "Lazy"]
[Date "2012.09.05"]
[Round "5"]
[White "Borkowski, Franciszek"]
[Black "Walach, Marcin"]
[Result "1/2-1/2"]
[WhiteElo "2318"]
[BlackElo "2349"]
[PlyCount "100"]
[EventDate "2012.09.01"]
[EventType "team-swiss"]
[EventRounds "9"]
[EventCountry "POL"]
[SourceTitle "EXT 2019"]
[Source "ChessBase"]
[SourceDate "2018.10.10"]
[SourceVersion "1"]
[SourceVersionDate "2018.10.10"]
[SourceQuality "1"]
[WhiteTeam "Gant Hetman"]
[BlackTeam "Czerwionka Gornik 23"]
[WhiteTeamCountry "POL"]
[BlackTeamCountry "POL"]

1. e4 e6 2. d4 d5 3. Nc3 Nf6 4. Bg5 Be7 5. e5 Nfd7 6. Bxe7 Qxe7 7. f4 0-0 8. Nf3 c5 9. dxc5 Nc6 10. Qd2 f6 11. exf6 Qxf6 12. g3 Nxc5 13. 0-0-0 Rd8 14. Nd4 Bd7 15. Bg2 Rac8 16. Rhe1 Be8 17. Bh3 Bf7 18. Qe3 Nxd4 19. Rxd4 a5 20. g4 Re8 21. g5 Qd8 22. Bf1 Qc7 23. Rd2 Bg6 24. Qe5 Qxe5 25. Rxe5 Rf8 26. Bh3 Rc6 27. f5 Bxf5 28. Bxf5 Rxf5 29. Rxf5 exf5 30. Rxd5 g6 31. h4 Kg7 32. Kd2 h6 33. a3 hxg5 34. hxg5 Rc7 35. Ke3 Ne6 36. Rxa5 Nxg5 37. Rb5 Nf7 38. Nd5 Rd7 39. Nf4 Nd6 40. Rb4 g5 41. Ne6+ Kf6 42. Nd4 Re7+ 43. Kf2 Ne4+ 44. Kg2 Ke5 45. a4 g4 46. a5 Kf4 47. Rb5 Rf7 48. Rd5 g3 49. b4 Kg4 50. Nxf5 Rxf5 1/2-1/2

[Event "POL-chT 2nd League"]
[Site "Lazy"]
[Date "2012.09.04"]
[Round "4"]
[White "Walach, Marcin"]
[Black "Klekowski, Maciej"]
[Result "1-0"]
[WhiteElo "2349"]
[BlackElo "2332"]
[PlyCount "107"]
[EventDate "2012.09.01"]
[EventType "team-swiss"]
[EventRounds "9"]
[EventCountry "POL"]
[SourceTitle "EXT 2019"]
[Source "ChessBase"]
[SourceDate "2018.10.10"]
[SourceVersion "1"]
[SourceVersionDate "2018.10.10"]
[SourceQuality "1"]
[WhiteTeam "Czerwionka Gornik 23"]
[BlackTeam "Czestochowa UKS Hetman"]
[WhiteTeamCountry "POL"]
[BlackTeamCountry "POL"]

1. e4 c5 2. c3 Nf6 3. e5 Nd5 4. d4 cxd4 5. cxd4 Nc6 6. Nc3 Nxc3 7. bxc3 d5 8. Bd3 e6 9. f4 Na5 10. Ne2 Bd7 11. 0-0 g6 12. Qe1 Be7 13. g4 Qc7 14. f5 gxf5 15. gxf5 0-0-0 16. f6 Rdg8+ 17. Kh1 Bf8 18. Rg1 Rg6 19. Bf4 Nc4 20. Bxg6 hxg6 21. Rg4 Ba4 22. Rh4 Rg8 23. Bg5 Bc2 24. Ng3 Kd8 25. Qe2 Na3 26. Qd2 Bb1 27. Bh6 g5 28. Rh3 Bxh6 29. Rxh6 Nc4 30. Qd1 Bg6 31. Qa4 a5 32. Qb5 Na3 33. Qb3 Nc4 34. Rc1 Qc6 35. a4 Kc7 36. Kg1 Qe8 37. Nf1 Rh8 38. Rxh8 Qxh8 39. Qa2 Qh3 40. Qg2 Qh6 41. Re1 Be4 42. Qg4 Bf5 43. Qg3 Be4 44. Qf2 Nb6 45. Nd2 Bf5 46. c4 dxc4 47. d5 Nxd5 48. Nxc4 Qh3 49. Nd6 Qg4+ 50. Kh1 Kd7 51. Qf1 Nc3 52. Re3 Qd4 53. Nxf5 exf5 54. Rd3 1-0

[Event "POL-chT 2nd League"]
[Site "Lazy"]
[Date "2012.09.01"]
[Round "1"]
[White "Zielinski, Maciej"]
[Black "Walach, Marcin"]
[Result "1/2-1/2"]
[WhiteElo "2073"]
[BlackElo "2349"]
[PlyCount "53"]
[EventDate "2012.09.01"]
[EventType "team-swiss"]
[EventRounds "9"]
[EventCountry "POL"]
[SourceTitle "EXT 2019"]
[Source "ChessBase"]
[SourceDate "2018.10.10"]
[SourceVersion "1"]
[SourceVersionDate "2018.10.10"]
[SourceQuality "1"]
[WhiteTeam "Kolbudy UKS Zawisza"]
[BlackTeam "Czerwionka Gornik 23"]
[WhiteTeamCountry "POL"]
[BlackTeamCountry "POL"]

1. e4 e5 2. Nf3 Nc6 3. Bc4 Nf6 4. d3 Bc5 5. c3 a6 6. Bb3 Ba7 7. 0-0 d6 8. Nbd2 0-0 9. Nc4 Ne7 10. Bc2 b5 11. Ne3 Ng4 12. d4 Nxe3 13. Bxe3 Ng6 14. dxe5 Bxe3 15. fxe3 Nxe5 16. Nxe5 dxe5 17. Qxd8 Rxd8 18. Bb3 Be6 19. Bxe6 fxe6 20. Rfd1 Kf7 21. Kf2 Rxd1 22. Rxd1 Ke7 23. Ke2 c5 24. Ra1 Rb8 25. Rc1 Rc8 26. Kd2 Rf8 27. Ke2 1/2-1/2

[Event "POL-chT1"]
[Site "Mrzezyno"]
[Date "2011.09.08"]
[Round "6"]
[White "Walach, Marcin"]
[Black "Tazbir, Marcin"]
[Result "1-0"]
[WhiteElo "2369"]
[BlackElo "2520"]
[PlyCount "113"]
[EventDate "2011.09.03"]
[EventType "team-tourn"]
[EventRounds "9"]
[EventCountry "POL"]
[SourceTitle "CBM 144 Extra"]
[Source "ChessBase"]
[SourceDate "2011.10.28"]
[SourceVersion "1"]
[SourceVersionDate "2011.10.28"]
[SourceQuality "1"]
[WhiteTeam "Raciborz Silesia"]
[BlackTeam "Brzeg Prokonex"]
[WhiteTeamCountry "POL"]
[BlackTeamCountry "POL"]

1. e4 e6 2. d4 d5 3. Nc3 Bb4 4. exd5 exd5 5. Bd3 Ne7 6. Nf3 Bg4 7. 0-0 Nbc6 8. h3 Bh5 9. Be3 Qd7 10. a3 Bxc3 11. bxc3 f6 12. Rb1 b6 13. Re1 0-0 14. c4 Rad8 15. c3 Kh8 16. Bf4 dxc4 17. Bxc4 Nd5 18. Bd2 Qd6 19. a4 Na5 20. Bf1 Ne7 21. Qe2 Rfe8 22. Ng5 Bg6 23. Ne4 Qc6 24. Qf3 Qd5 25. Rb5 c5 26. Nxc5 Qxf3 27. gxf3 bxc5 28. Rxa5 cxd4 29. Bb5 dxc3 30. Bxc3 Nc6 31. Bxc6 Rxe1+ 32. Bxe1 Rd1 33. Rxa7 Rxe1+ 34. Kg2 h5 35. h4 Ra1 36. a5 Kh7 37. a6 Bd3 38. Bb7 Kg6 39. Be4+ Bxe4 40. fxe4 Ra4 41. f3 Ra5 42. Ra8 Ra2+ 43. Kg3 Ra4 44. a7 Ra3 45. Kf2 Ra2+ 46. Ke3 Ra3+ 47. Kd4 Kh7 48. f4 g5 49. fxg5 fxg5 50. e5 g4 51. e6 g3 52. e7 g2 53. Rh8+ Kxh8 54. e8Q+ Kg7 55. Qe7+ Kh8 56. Qe5+ Kg8 57. Qd5+ 1-0